00436nam a2200157Ia 4500008004100000020001500041041000800056082001500064100004200079245005800121260004300179300001600222365001300238650001200251650001500263210423s2005 xx 000 0 und d a8122901859 aeng a070.1 HACW aHACHTEN (William A);SCOTTON (James F) aWorld news prism: global media in an era of terrorism aNew DelhibSurjeeth Publicationsc2005 axxi,205bPB b195cINR aGeneral aMass Media